Blaise Pascal in selbstzeugnissen und bilddokumenten
Guardat en:
| Autor principal: | |
|---|---|
| Format: | Llibre |
| Idioma: | alemany |
| Publicat: |
Hamburgo
Rowohlt
1959
|
| Edició: | 1a. ed |
| Col·lecció: | Rowohlts Monographien, 26
|
| Matèries: | |
| Etiquetes: |
Afegir etiqueta
Sense etiquetes, Sigues el primer a etiquetar aquest registre!
|
MARC
| LEADER | 00000cam a2200000 a 4500 | ||
|---|---|---|---|
| 001 | UCD4653 | ||
| 003 | CL-VaPUC | ||
| 005 | 20241115113317.0 | ||
| 008 | 160713e19590000gw |||||||||||||||||ger|d | ||
| 999 | |c 365523 |d 365521 | ||
| 020 | |a 3499500264 | ||
| 040 | |c Pontificia Universidad Católica de Valparaíso | ||
| 082 | 0 | 4 | |a 921.4 |b BEG |2 21 |
| 100 | |a Béguin, Albert |e author |9 326309 | ||
| 245 | 1 | 0 | |a Blaise Pascal in selbstzeugnissen und bilddokumenten |
| 250 | |a 1a. ed | ||
| 260 | |a Hamburgo |b Rowohlt |c 1959 | ||
| 300 | |a 170 p | ||
| 490 | 0 | |a Rowohlts Monographien, 26 | |
| 583 | |a last modification |c 20160713 20:53:00 |k Rodrigo Vera | ||
| 600 | 0 | |a Pascal, Blaise |q (Pascal, Blas) |d 1623-1662 |x Autobiografías |9 880809 | |
| 650 | 0 | |a Escritores franceses |9 450149 | |
| 942 | |c BK |2 ddc | ||
| 945 | |d 20160713 20:53:00 |a arojas | ||
| 952 | |0 0 |1 0 |3 erb |4 0 |6 921_400000000000000_BEG_1959 |7 0 |8 A |9 479405 |a FDOHBE |b FDOHBE |e Huesbe Llanos, Marco Antonio, 1934- |i 5308291 |o 921.4 BEG 1959 |p 5308291 |r 2024-01-30 |w 2019-11-24 |y BK |z Catalogado en:20160713 |k HBE | ||